Filosofía política II. Teoría del estado

Αποθηκεύτηκε σε:
Λεπτομέρειες βιβλιογραφικής εγγραφής
Κύριοι συγγραφείς: Díaz, Elías (Συγγραφέας), Ruiz Miguel, Alfonso (Συγγραφέας)
Μορφή: Βιβλίο
Γλώσσα:Ισπανικά
Έκδοση: Madrid Trotta 1996
Έκδοση:1a. ed
Σειρά:Enciclopedia Iberoamericana de Filosofía, 10
Θέματα:
Ετικέτες: Προσθήκη ετικέτας
Δεν υπάρχουν, Καταχωρήστε ετικέτα πρώτοι!

MARC

LEADER 00000cam a2200000 a 4500
001 UCL3729
003 CL-VaPUC
008 031205e19960000SP |||||||||||||||||spa|d
020 |a 8481641081 
082 0 4 |a 320.01  |b DIA  |2 21 
100 0 |a Díaz, Elías  |e author  |9 481130 
700 0 |a Ruiz Miguel, Alfonso  |e author  |9 481131 
245 1 0 |a Filosofía política II. Teoría del estado 
250 |a 1a. ed 
300 |a 272 p 
942 |c BK 
945 |d 20031205 00:00:00  |a cmena 
260 |a Madrid  |b Trotta  |c 1996 
650 7 |a FILOSOFIA POLITICA  |2 CL-VaPUC  |9 481132 
650 0 |a Estado y derecho  |9 255403 
650 0 |a Opinión pública  |9 255512 
650 0 |a Ideologías políticas   |9 255735 
583 |a last modification  |c 20150731 04:03:41  |k Rodrigo Vera 
490 0 |a Enciclopedia Iberoamericana de Filosofía, 10 
999 |c 306738  |d 306736 
952 |0 0  |1 0  |4 0  |6 320_010000000000000_DIA_1996  |7 0  |8 DER_TF  |9 371999  |a BIBDER  |b BIBDER  |d 2019-11-21  |i 3913023  |o 320.01 DIA 1996  |p 3913023  |r 2019-11-21  |w 2019-11-21  |x Ubicación 4to Piso  |y BK  |z Estos recursos deben solicitarse con anticipación  |k DER 
952 |0 0  |1 0  |3 erb  |4 0  |6 320_010000000000000_DIA_1996  |7 0  |8 A  |9 372000  |a BIBEDU  |b BIBEDU  |i 5192943  |o 320.01 DIA 1996  |p 5192943  |r 2019-11-21  |w 2019-11-21  |y BK  |z Catalogado en:20150806  |k FIL